عرض عادي عرض مارك
  • NATO Advanced Study Institute on Biophysics and Structure to Counter Threats and Challenges

مدخل إسم مؤتمر

عدد التسجيلات المستخدمة في: 1

001 - رقم الضبط

  • حقل الضبط: 41829

003 - معرف رقم الضبط

  • حقل الضبط: OSt

005 - تاريخ ووقت أخر عملية

  • حقل الضبط: 20140108182531.0

008 - عناصر بيانات ثابتة الطول

  • حقل تحكم ثابت الطول: 140108|||a|||||| | ||| d

040 ## - مصدر الفهرسة

  • هيئة الفهرسة الأصلية: OSt
  • وكالة الكتابة: OSt

111 ## - مدخل -- اسم مؤتمر

  • اسم الملتقي او اسم السلطه كعنصر مدخل: NATO Advanced Study Institute on Biophysics and Structure to Counter Threats and Challenges
  • تاريخ المؤتمر: (2010 :
  • مكان الملتقي: Erice, Italy)

670 ## - بيانات المصدر موجوده

  • الاستشهاد بالمصدر: Work cat.: (OSt)0: NATO Advanced Study Institute on Biophysics and Structure to Counter Threats and Challenges (2010 : Erice, Italy), Biophysics and structure to counter threats and challenges, c2013.